| 000 | 00361 a2200133 4500 | ||
|---|---|---|---|
| 001 | 75294 | ||
| 082 | _a620.118 MAL | ||
| 100 | _aMallick, P.K | ||
| 245 |
_aFiber Reinforced Composites ; materials, manufacturing and design, 2/e _hEnglish |
||
| 250 | _a2 | ||
| 260 |
_aN.Y _bMarcell & Decker _c1993 |
||
| 300 | _axi, 566 p | ||
| 500 | _aMS textbook Aerosapce | ||
| 942 |
_aNUST-CAE _k620.118 MAL |
||
| 999 |
_c310367 _d310367 |
||